000 00295nam a2200145Ia 4500
100 _aVarughese/Suma
942 _cBK
366 _f20
245 _aTravelling light
260 _bLife positive
_c2009
082 _a808.83
_bVAR
300 _a170
546 _aENGLISH
_cComputers
999 _c32902
_d32902